ARRUPE JESUIT UNIVERSITY

CORONAVIRUS -STOP THE SPREAD - CLEAN,DISINFECT,COVER

Squatters and the roots of Mau Mau, 1905-63 / (Record no. 124401)

MARC details
000 -LEADER
fixed length control field 01339cam a2200409 a 4500
001 - CONTROL NUMBER
control field 603018
003 - CONTROL NUMBER IDENTIFIER
control field ARRUPE
005 - DATE AND TIME OF LATEST TRANSACTION
control field 20160321113354.0
008 - FIXED-LENGTH DATA ELEMENTS--GENERAL INFORMATION
fixed length control field 871016s1987 enkb b s001 0 eng
010 ## - LIBRARY OF CONGRESS CONTROL NUMBER
LC control number 87011201
020 ## - INTERNATIONAL STANDARD BOOK NUMBER
International Standard Book Number 0821408739
020 ## - INTERNATIONAL STANDARD BOOK NUMBER
International Standard Book Number 0821408747 (U.S. : pbk.)
035 ## - SYSTEM CONTROL NUMBER
System control number (OCoLC)15657733
035 ## - SYSTEM CONTROL NUMBER
System control number (OCoLC)ocm15657733
035 ## - SYSTEM CONTROL NUMBER
System control number (CStRLIN)NYCG87-B83076
035 ## - SYSTEM CONTROL NUMBER
System control number (NNC)603018
040 ## - CATALOGING SOURCE
Modifying agency NNC
Transcribing agency Arrupe
043 ## - GEOGRAPHIC AREA CODE
Geographic area code f-ke---
050 0# - LIBRARY OF CONGRESS CALL NUMBER
Classification number HD1538.K4
Item number K36 1987
082 0# - DEWEY DECIMAL CLASSIFICATION NUMBER
Classification number 307.3/36
Edition number 19
090 ## - LOCALLY ASSIGNED LC-TYPE CALL NUMBER (OCLC); LOCAL CALL NUMBER (OCLC)
Classification number (OCLC) (R) ; Classification number, CALL (RLIN) (NR) HD1538.K4
Local cutter number (OCLC) ; Book number/undivided call number, CALL (RLIN) K36 1987
300 ## - PHYSICAL DESCRIPTION
Other physical details maps ;
Dimensions 23 cm.
100 1# - MAIN ENTRY--PERSONAL NAME
Personal name Kanogo, Tabitha M.
9 (RLIN) 23030
245 10 - TITLE STATEMENT
Title Squatters and the roots of Mau Mau, 1905-63 /
Statement of responsibility, etc Tabitha Kanogo.
260 ## - PUBLICATION, DISTRIBUTION, ETC. (IMPRINT)
Place of publication, distribution, etc London :
Name of publisher, distributor, etc J. Currey ;
Place of publication, distribution, etc Athens :
Name of publisher, distributor, etc Ohio University Press,
Date of publication, distribution, etc 1987.
300 ## - PHYSICAL DESCRIPTION
Extent xviii, 206 p. :
490 1# - SERIES STATEMENT
Series statement Eastern African studies
500 ## - GENERAL NOTE
General note Includes index.
500 ## - GENERAL NOTE
General note Issued with various printing dates.
504 ## - BIBLIOGRAPHY, ETC. NOTE
Bibliography, etc Bibliography: p. [188]-197.
610 20 - SUBJECT ADDED ENTRY--CORPORATE NAME
Corporate name or jurisdiction name as entry element Mau Mau
General subdivision History.
9 (RLIN) 1540
650 #0 - SUBJECT ADDED ENTRY--TOPICAL TERM
Topical term or geographic name as entry element Migrant agricultural laborers
Geographic subdivision Kenya
General subdivision History
Chronological subdivision 20th century.
9 (RLIN) 23031
650 #0 - SUBJECT ADDED ENTRY--TOPICAL TERM
Topical term or geographic name as entry element Squatters
Geographic subdivision Kenya
General subdivision History
Chronological subdivision 20th century.
9 (RLIN) 23032
650 #0 - SUBJECT ADDED ENTRY--TOPICAL TERM
Topical term or geographic name as entry element Kikuyu (African people)
General subdivision History.
9 (RLIN) 23033
830 #0 - SERIES ADDED ENTRY--UNIFORM TITLE
Uniform title Eastern African studies (London, England)
9 (RLIN) 23034
942 ## - ADDED ENTRY ELEMENTS (KOHA)
Source of classification or shelving scheme Library of Congress Classification
Koha item type Monograph ( Printed materials)
Holdings
Withdrawn status Lost status Source of classification or shelving scheme Damaged status Not for loan Collection code Home library Current library Shelving location Date acquired Total Checkouts Full call number Barcode Date last seen Price effective from Koha item type
    Library of Congress Classification     Main Collection ARRUPE LIBRARY ARRUPE LIBRARY Main Collection 21/03/2016   HD1538.K4 K36 1987 46500006627 08/05/2018 21/03/2016 Monograph ( Printed materials)

 

Arrupe Library. PO Box MP320 Mt Pleasant, Harare, Zimbabwe
263 242 745411|librarian@aju.ac.zw